| Tag |
First Indicator |
Second Indicator |
Subfields |
| LEADER |
00000cam a2200000 i 4500 |
| 001 |
in00000042832 |
| 005 |
20151007064900.0 |
| 008 |
741030r19741972orua bb 00010 eng d |
| 035 |
|
|
|a (OCoLC)01061793
|
| 035 |
|
|
|9 AAE0821AM
|
| 040 |
|
|
|c MIA
|d TXA
|d UtOrBLW
|
| 049 |
|
|
|a TXAI
|
| 099 |
|
|
|a fiche
|a C
|a 1486
|
| 100 |
1 |
|
|a Grimsley, Jimmie Richard.
|
| 245 |
1 |
4 |
|a The effects of visual cueness and visual deprivation upon the acquisition and rate of learning of a balance skill among deaf individuals /
|c by Jimmie Richard Grimsley.
|
| 264 |
|
1 |
|a Athens, Geo :
|b Grimsley,
|c 1972.
|
| 300 |
|
|
|a 98 leaves :
|b illustrations ;
|c 29 cm.
|
| 336 |
|
|
|a text
|b txt
|2 rdacontent
|
| 337 |
|
|
|a microform
|b h
|2 rdamedia
|
| 338 |
|
|
|a microfiche
|b he
|2 rdacarrier
|
| 500 |
|
|
|a Microfiche (negative) of typescript. Eugene : Microform Publications, College of Health, Physical Education and Recreation, University of Oregon, 1974. -- 2 sheets ; 10.5 x 14.8 cm.
|
| 502 |
|
|
|c University of Georgia.
|
| 504 |
|
|
|a Bibliography: leaves 84-86.
|
| 500 |
|
|
|a Microform.
|
| 650 |
|
0 |
|a Equilibrium (Physiology)
|
| 650 |
|
0 |
|a Motor learning.
|
| 650 |
|
0 |
|a Deaf children.
|
| 650 |
|
0 |
|a Vision.
|
| 650 |
|
0 |
|a Deafness in children.
|
| 999 |
|
|
|a MARS
|
| 999 |
f |
f |
|s f5101971-dcc0-3ea3-a793-734dbfdcd050
|i 2c37452d-04ba-3358-93a5-e49c26719fcc
|t 0
|
| 952 |
f |
f |
|p normal
|a Texas A&M University
|b College Station
|c Sterling C. Evans Library
|d Evans: Microforms (3rd floor)
|t 0
|e fiche C 1486
|h Other scheme
|i microform -- microfiche
|m A14806514266
|
| 998 |
f |
f |
|a fiche C 1486
|t 0
|l Evans: Microforms (3rd floor)
|